Statistics for how well do you know me

Click here to take the quiz!

General Stats

  • This quiz has been taken 31 times
  • The average score is 4 of 10

Answer Stats

QuestionAnswer% Correct
which fish is betternone don't eat fish you can choke on a bone and die suffocating that's not a way to die
70%
what is my stance on apple and orange juiceapple juice is supreme no questions asked
60%
what are my two plants calledkarl and carlos
55%
how old was i when i got my first phone16
45%
what's my favourite seasonwinter because snow but where is it
45%
what's my favourite spreadbutter please keep it simple
35%
when did i last take a selfietwo weeks ago i'm going to delete it now
35%
who are my current top three favesmichael fassbender, leonardo di caprio and zach galifianakis
20%
do i listen to albums from start to endno, i tend to discover one song and listen to that song alone. i'm good thanks
15%
what's my favourite songreckless love - cory asbury
10%

Score Distribution

Percentile by Number Answered

Percent of People with Each Score

Your Score History

You have not taken this quiz